000 00692nam a2200217 a 4500
008 070216s2004 ||||||||||||||||| || u
020 _a0470843586
050 _aGB 1205 Str
100 _a[and others]
245 1 0 _aSteam hydrology
246 _aan introduction for ecologists
250 _a2nd ed.
260 _aChichester
_bJohn Wiley and Sons
_c2004
300 _axiv, 429p.;ill.
350 _a0.00
650 _aHYDROLOGY
650 _aGEOGRAPHY
650 _aSTREAM ECOLOGY
700 _aGorden, Nancy D
995 _D0.00
_FCBU-MAIN LIBRARY (Kitwe)
_H1
_I0.00
_M1
_UAVAILABLE
_WFeb 16, 2007
_ZMain Library Open Access Collection
999 _c58409
_d58409